[Event "Quebec Girard Memorial"]
[Site "Quebec"]
[Date "2007.09.01"]
[Round "3"]
[White "Guy, Philippe"]
[Black "Tremblay, Rejean"]
[Result "0-1"]
[WhiteElo "1730"]
[BlackElo "2253"]
[PlyCount "120"]
[EventDate "2007.09.01"]
[EventType "swiss"]
[EventRounds "5"]
[EventCountry "CAN"]
[SourceTitle "EXT 2022"]
[Source "ChessBase"]
[SourceDate "2021.10.06"]
[SourceVersion "1"]
[SourceVersionDate "2021.10.06"]
[SourceQuality "1"]

1. Nf3 Nf6 2. g3 g6 3. Bg2 Bg7 4. d3 0-0 5. Nbd2 d6 6. 0-0 e5 7. c3 Nbd7 8. a4 c6 9. a5 a6 10. Nc4 Qc7 11. Be3 d5 12. Nb6 Nxb6 13. Bxb6 Qe7 14. Nd2 Be6 15. e4 Rac8 16. Be3 Rfd8 17. Qc2 Qd6 18. Rfd1 d4 19. cxd4 exd4 20. Bg5 Re8 21. Nf1 Nd7 22. Qd2 Nc5 23. Qf4 Qxf4 24. Bxf4 Bb3 25. Rd2 Bf8 26. Bh3 Be6 27. Bxe6 fxe6 28. Rdd1 e5 29. Bc1 Nb3 30. Ra2 c5 31. Nd2 Nxd2 32. Bxd2 c4 33. dxc4 Rxc4 34. Kf1 Bd6 35. b3 Rc7 36. Ke2 Kg7 37. h4 Rf7 38. Be1 Rc8 39. Rd3 Rfc7 40. f3 Rc2+ 41. Rxc2 Rxc2+ 42. Kd1 Ra2 43. g4 Ra1+ 44. Ke2 Bc7 45. f4 Kf6 46. f5 gxf5 47. gxf5 Bxa5 48. b4 Bc7 49. Rg3 Ra2+ 50. Kf1 Bd6 51. Rb3 b5 52. Rb1 h5 53. Rb3 Kf7 54. Rg3 Rb2 55. Rg6 Bxb4 56. Bxb4 Rxb4 57. Rxa6 d3 58. Ra7+ Kf8 59. Rd7 Rxe4 60. Rxd3 Ke7 0-1

[Event "Quebec Inter-clubs"]
[Site "Quebec"]
[Date "2006.10.22"]
[Round "3"]
[White "Guy, Philippe"]
[Black "Libersan, Thierry"]
[Result "0-1"]
[WhiteElo "1536"]
[BlackElo "1978"]
[PlyCount "138"]
[EventDate "2006.10.21"]
[EventType "swiss"]
[EventRounds "4"]
[EventCountry "CAN"]
[SourceTitle "EXT 2022"]
[Source "ChessBase"]
[SourceDate "2021.10.06"]
[SourceVersion "1"]
[SourceVersionDate "2021.10.06"]
[SourceQuality "1"]

1. Nf3 Nf6 2. g3 g6 3. Bg2 Bg7 4. 0-0 0-0 5. c3 d6 6. d4 Nbd7 7. Nbd2 e5 8. e4 Re8 9. Re1 Rb8 10. Qc2 c6 11. Nc4 Qc7 12. dxe5 dxe5 13. Bg5 b5 14. Ncd2 Bb7 15. a4 a6 16. axb5 cxb5 17. Rad1 Nc5 18. b4 Ne6 19. Bxf6 Bxf6 20. Nb3 Rbc8 21. Rd3 Red8 22. Rxd8+ Bxd8 23. Rc1 Bf6 24. Qe2 Kg7 25. h4 h6 26. Ne1 Be7 27. Na5 Bxb4 28. Nxb7 Qxb7 29. Qe3 Bc5 30. Qf3 Bb6 31. Nd3 Qb8 32. Nb4 a5 33. Nd5 Bd8 34. Bh3 Rc6 35. Rb1 Nc7 36. Qd3 Nxd5 37. exd5 Rc5 38. Bf1 b4 39. c4 Be7 40. Qb3 Qb6 41. Ra1 Rc7 42. Qa4 Ra7 43. Bd3 Bc5 44. Ra2 Ra6 45. Kg2 Bd4 46. f3 Ra7 47. Qd1 f5 48. Qb3 h5 49. Qa4 Kh6 50. Qd1 Qc5 51. Qd2+ Kh7 52. Qg5 Qd6 53. Re2 b3 54. Bxf5 gxf5 55. Qxh5+ Qh6 56. Qxf5+ Qg6 57. Qe6 Qxe6 58. dxe6 b2 59. Re1 a4 60. f4 exf4 61. gxf4 Kg6 62. e7 Rxe7 63. Rxe7 b1Q 64. Re6+ Kf5 65. Ra6 Qe4+ 66. Kh3 Qf3+ 67. Kh2 Kxf4 68. Rxa4 Qg3+ 69. Kh1 Qg1# 0-1

[Event "Quebec Inter-clubs"]
[Site "Quebec"]
[Date "2006.10.21"]
[Round "2"]
[White "Masse, Hugues"]
[Black "Guy, Philippe"]
[Result "1-0"]
[WhiteElo "2028"]
[BlackElo "1538"]
[PlyCount "111"]
[EventDate "2006.10.21"]
[EventType "swiss"]
[EventRounds "4"]
[EventCountry "CAN"]
[SourceTitle "EXT 2022"]
[Source "ChessBase"]
[SourceDate "2021.10.06"]
[SourceVersion "1"]
[SourceVersionDate "2021.10.06"]
[SourceQuality "1"]

1. d4 e6 2. c4 Nf6 3. Nc3 Bb4 4. Qc2 Nc6 5. Nf3 d5 6. Bg5 Be7 7. e3 0-0 8. a3 a5 9. Bd3 h6 10. Bh4 dxc4 11. Bxc4 Nd7 12. Bg3 Nb6 13. Ba2 Bd6 14. 0-0 Bxg3 15. hxg3 Qe7 16. Rac1 Bd7 17. Ne4 Rfb8 18. Nc5 Be8 19. Rfd1 a4 20. Bb1 g6 21. e4 Na5 22. Ba2 Rd8 23. Qd2 Kg7 24. Qe2 Bc6 25. Ne5 Be8 26. Qe3 Rac8 27. Ng4 Qg5 28. Qxg5 hxg5 29. f3 Bb5 30. Ne3 c6 31. Kf2 Nd7 32. Nd3 Nf6 33. Ne5 Rd6 34. N3c4 Nxc4 35. Bxc4 Rcd8 36. Bxb5 cxb5 37. Ke3 Ne8 38. Rc5 f6 39. Ng4 Rb6 40. Rd2 b4 41. Ra5 bxa3 42. bxa3 Rb3+ 43. Rd3 f5 44. Ne5 f4+ 45. gxf4 gxf4+ 46. Kxf4 Rxd3 47. Nxd3 Rxd4 48. Ke3 Rc4 49. Ra7 Nd6 50. g4 Kh6 51. e5 Nb5 52. Rxb7 Nxa3 53. f4 Nc2+ 54. Kf2 a3 55. g5+ Kh5 56. Kg3 1-0

[Event "FRA m"]
[Site "France"]
[Date "2001.01.27"]
[Round "3"]
[White "Guy, Philippe"]
[Black "Hebert, Andre"]
[Result "1/2-1/2"]
[WhiteElo "1778"]
[BlackElo "1626"]
[PlyCount "71"]
[EventDate "2001.01.17"]
[EventType "swiss"]
[EventRounds "3"]
[EventCountry "FRA"]
[SourceTitle "EXT 2004"]
[Source "ChessBase"]
[SourceDate "2003.11.25"]
[SourceVersion "1"]
[SourceVersionDate "2003.11.25"]
[SourceQuality "1"]

1. g3 d5 2. Bg2 e5 3. b3 Nf6 4. Bb2 Nc6 5. d3 Bd6 6. Nd2 Be6 7. c4 0-0 8. Ngf3 h6 9. 0-0 Qd7 10. Rc1 d4 11. a3 a5 12. e3 Bc5 13. exd4 Bxd4 14. Bxd4 exd4 15. Re1 Bf5 16. Qc2 Bh3 17. Ne4 Nxe4 18. Rxe4 Bxg2 19. Kxg2 f5 20. Re2 Rae8 21. Rce1 Rxe2 22. Qxe2 Rf7 23. Ne5 Nxe5 24. Qxe5 b6 25. f3 Kf8 26. h4 Re7 27. Qxe7+ Qxe7 28. Rxe7 Kxe7 29. g4 Kf6 30. Kg3 g5 31. hxg5+ hxg5 32. b4 f4+ 33. Kf2 axb4 34. axb4 Ke6 35. Ke2 c5 36. b5 1/2-1/2

[Event "FRA m"]
[Site "France"]
[Date "2001.01.13"]
[Round "1"]
[White "Guy, Philippe"]
[Black "Hebert, Andre"]
[Result "0-1"]
[WhiteElo "1778"]
[BlackElo "1626"]
[PlyCount "88"]
[EventDate "2001.01.17"]
[EventType "swiss"]
[EventRounds "3"]
[EventCountry "FRA"]
[SourceTitle "EXT 2004"]
[Source "ChessBase"]
[SourceDate "2003.11.25"]
[SourceVersion "1"]
[SourceVersionDate "2003.11.25"]
[SourceQuality "1"]

1. d4 Nf6 2. c4 d5 3. cxd5 Nxd5 4. e4 Nf6 5. Nc3 c6 6. Bc4 b5 7. Bb3 b4 8. e5 Nd5 9. Ne4 Ba6 10. Ne2 e6 11. 0-0 Nd7 12. f4 c5 13. dxc5 Nxc5 14. Nxc5 Bxc5+ 15. Kh1 Ne3 16. Bxe3 Bxe3 17. Ba4+ Ke7 18. Qe1 Qa5 19. Rf3 Bxf4 20. Qh4+ g5 21. Qh6 Qxe5 22. Nxf4 gxf4 23. Rxf4 Rhg8 24. Raf1 Bxf1 25. Rxf1 Qg5 26. Qh3 Rac8 27. Qf3 f5 28. Qb7+ Kf6 29. h3 Rc1 30. Bd1 Rc7 31. Qf3 Qg3 32. Qxg3 Rxg3 33. Kh2 Rd3 34. Bb3 Rd2 35. Re1 e5 36. Kh1 Rxb2 37. Rd1 e4 38. Rd6+ Kg5 39. Rd5 e3 40. Re5 Kf4 41. Re6 Rc1+ 42. Kh2 e2 43. g3+ Kg5 44. h4+ Kg4 0-1